| 000 | 01475nam a2200337 i 4500 | ||
|---|---|---|---|
| 003 | EG-GICUC | ||
| 005 | 20260221092837.0 | ||
| 008 | 260221s1930 -usadk fr|||| 001 0 eng d | ||
| 040 |
_aEG-GiCUC _beng _cEG-GiCUC _dEG-GiCUC _erda |
||
| 041 | 0 | _aeng | |
| 082 | 0 | 4 |
_221 _a341.65 _bLE . P |
| 092 | 0 | 4 | _221 |
| 099 | _aLaw1 11 341.65 LE . P 1930 | ||
| 100 | 1 |
_aLevie, Howard S _eAuthor. |
|
| 245 | 1 | 0 |
_aPrisoners Of War In International Armed Conflict / _cBy Howard S. Levie |
| 264 | 1 |
_aWashington : _bWinston S. Churchill, _c1930. |
|
| 300 |
_a529 pages : _billustrations, _c24 cm |
||
| 336 |
_2rda content _atext |
||
| 337 |
_2rda media _aComputer |
||
| 338 |
_2rda carrier _aOnline Resource |
||
| 490 |
_aInternational Law Studies _vVolume 59 |
||
| 500 | _aPrisoner Of War! That Is The Least Unfortunate Kind Of Prisoner To Be, But It Is Nevertheless A Melancholy State. You Are In The Power Of Your Enemy. You Owe Your Life To His Humanity, And Your Daily Bread To His Compassion. You Must Obey His Orders, Go Where He Tells You, Stay Where You Are Bid, Await His Pleasure, Possess Your Soul In Patience | ||
| 504 | _aIncludes bibliographical references and index. | ||
| 546 | _aText in English | ||
| 590 | _aإهداء مكتبة الأستاذ الدكتور صلاح عامر | ||
| 650 | 1 | 4 |
_aPublic international law _2 |
| 651 | 1 | _2 | |
| 856 | 4 | 0 | _uhttps://fll.law.cu.edu.eg/fulltext/bks/B11-08058.pdf |
| 905 | _a48 | ||
| 942 |
_2ddc _cBK _e21 _n0 |
||
| 999 |
_c63939 _d63939 |
||